000 00526nam a2200181Ia 4500
008 090123s9999 xx 000 0 und d
082 _b12345
_a891.463/हसम
100 _aहसमनीस द.का.
245 _aनामदार
250 _a1
260 _bगुलमोहर पब्लिकेशन
_c1982
300 _a151
600 _aहसमनीस द.का.
630 _aनामदार
700 _aहसमनीस द.का.
730 _aनामदार
942 _cBOOK
999 _c50409
_d50409